00541nam a2200157 a 4500008004100000050002300041110001500064245006800079260003900147300002000186490002900206650004100235650003200276650004400308650003100352150909s1996 ||||||||||||||||| || u aIBRD(06)CS/1996/12 aWorld Bank10aReview of Colombia's agriculture and rural development strategy aWashington, D.C.bWorld Bankc1996 aix, 121p.: ill. aWorld Bank Country Study aCOLOMBIA--ECONOMIC CONDITIONS--1970- aRURAL DEVELOPMENT--COLOMBIA aAGRICULTURE--ECONOMIC ASPECTS--COLOMBIA aCOLOMBIA--RURAL CONDITIONS